Cartilla patriótica /

Guardado en:
Formato: Libro
Publicado: Buenos Aires : Instituto Geogr fico Militar, 1942
Materias:
Etiquetas: Agregar Etiqueta
Sin Etiquetas, Sea el primero en etiquetar este registro!
LEADER 00473nam a22001695a 4500
001 CEM.cems000268
005 20060209000000.0
008 130507s1942##################000#0#####d
003 CEMS
082 0 4 |a A868 
245 0 0 |a Cartilla patriótica / 
260 |a Buenos Aires :  |b Instituto Geogr fico Militar,  |c 1942 
300 |a 62 p. 
653 |a Literatura 
653 |a Literatura argentina 
653 |a Miscelanea!v920! 
859 |a CEMS  |b BIB. CEMS - 11 de abril  |h A868  |i C248  |p 9639.81  |t Ej.1